Los caminos de la Historia: introducción a la Epistemología
Gespeichert in:
| 1. Verfasser: | |
|---|---|
| Format: | Buch |
| Sprache: | Spanisch |
| Veröffentlicht: |
Buenos Aires
Lugar editorial
2011
|
| Ausgabe: | 1a. ed |
| Schriftenreihe: | Colección Nuevos Paradigmas
|
| Schlagworte: | |
| Tags: |
Tag hinzufügen
Keine Tags, Fügen Sie den ersten Tag hinzu!
|
MARC
| LEADER | 00000cam a2200000 a 4500 | ||
|---|---|---|---|
| 001 | UCC1303 | ||
| 003 | CL-VaPUC | ||
| 008 | 171020e20110000ag |||||||||||||||||spa|d | ||
| 020 | |a 9789508923745 | ||
| 082 | 0 | 4 | |a 370.09 |b BAR |2 21 |
| 100 | 0 | |a Barreiro, Héctor |e author |9 595372 | |
| 245 | 1 | 4 | |a Los caminos de la Historia: introducción a la Epistemología |
| 250 | |a 1a. ed | ||
| 300 | |a 157 p | ||
| 942 | |c BK | ||
| 945 | |d 20171020 15:16:00 |a dcastane | ||
| 260 | |a Buenos Aires |b Lugar editorial |c 2011 | ||
| 650 | 0 | |a Historia de la educación |9 257642 | |
| 650 | 0 | |a Filosofía de la educación |9 258384 | |
| 650 | 0 | |a Epistemología |9 264994 | |
| 583 | |a last modification |c 20171020 15:16:00 |k Rodrigo Vera | ||
| 490 | 0 | |a Colección Nuevos Paradigmas | |
| 999 | |c 369854 |d 369852 | ||
| 952 | |0 0 |1 0 |3 erb |4 0 |6 370_090000000000000_BAR_2011 |7 0 |8 A |9 485999 |a BIBHIS |b BIBHIS |i 5430836 |o 370.09 BAR 2011 |p 5430836 |r 2025-01-20 |w 2019-11-24 |y BK |z Catalogado en:20171020 |k HIS | ||